Sports Quiz

Random Sports or NFL Quiz

NFL Team Leaders (All Time) Quiz Stats

 Plays Quiz Updated Jan 21, 2021

Support Sporcle.
Go Orange.
Score 0/128 Timer 12:00
0 Plays Today
Team Player % Correct
Indianapolis ColtsPeyton Manning
90.8%
Dallas CowboysEmmitt Smith
89.3%
Jacksonville JaguarsJimmy Smith
88.7%
Denver BroncosRod Smith
88.7%
Green Bay PackersBrett Favre
87%
New England PatriotsTom Brady
86.3%
Houston TexansAndre Johnson
82.4%
Cincinnati BengalsPete Johnson
82%
Miami DolphinsDan Marino
80.9%
San Francisco 49ersJoe Montana
80.2%
San Francisco 49ersJerry Rice
79.3%
Denver BroncosJohn Elway
78.4%
Dallas CowboysTony Romo
76.2%
Cleveland BrownsJim Brown
76.2%
Las Vegas RaidersTim Brown
75.6%
Houston TexansKris Brown
75.5%
New Orleans SaintsDrew Brees
74.5%
Detroit LionsBarry Sanders
74.1%
Philadelphia EaglesDonovan McNabb
73.7%
Minnesota VikingsAdrian Peterson
73.1%
Buffalo BillsJim Kelly
72.3%
Chicago BearsWalter Payton
71.7%
Houston TexansArian Foster
71.5%
Carolina PanthersCam Newton
70%
Indianapolis ColtsMarvin Harrison
69.4%
New York GiantsEli Manning
69.4%
Pittsburgh SteelersFranco Harris
68.3%
Pittsburgh SteelersBen Roethlisberger
68%
Los Angeles ChargersLaDainian Tomlinson
67.2%
Seattle SeahawksSteven Hauschka
66.9%
Carolina PanthersCam Newton
65.5%
Cincinnati BengalsAndy Dalton
65.4%
Indianapolis ColtsEdgerrin James
65.4%
Pittsburgh SteelersGary Anderson
64.9%
Arizona CardinalsOttis Anderson
64.8%
Buffalo BillsThurman Thomas
63.7%
Los Angeles RamsMarshall Faulk/Todd Gurley
63.4%
Denver BroncosTerrell Davis
62.9%
Baltimore RavensJamal Lewis
62.1%
New York JetsJoe Namath
61.4%
Arizona CardinalsLarry Fitzgerald
61.1%
Houston TexansMatt Schaub
58.7%
Jacksonville JaguarsMaurice Jones-Drew
57%
Team Player % Correct
Baltimore RavensJoe Flacco
56.4%
Los Angeles ChargersPhilip Rivers
55.6%
Tennessee TitansWarren Moon
55.5%
Green Bay PackersJim Taylor
54.6%
Washington Football TeamCharley Taylor
54.5%
Minnesota VikingsCris Carter
52.7%
New York JetsCurtis Martin
52.6%
Kansas City ChiefsPriest Holmes
52.5%
Jacksonville JaguarsMark Brunell
51.7%
Seattle SeahawksShaun Alexander
50.9%
Minnesota VikingsFran Tarkenton
50.6%
Buffalo BillsAndre Reed
49.6%
Carolina PanthersSteve Smith
48.5%
Los Angeles RamsIsaac Bruce
47.7%
Pittsburgh SteelersHines Ward
44.9%
Las Vegas RaidersMarcus Allen
44.6%
Detroit LionsCalvin Johnson
44.6%
New York GiantsBrandon Jacobs
43%
Tampa Bay BuccaneersJameis Winston
42.2%
Las Vegas RaidersDerek Carr
40.2%
New Orleans SaintsMark Ingram
39.8%
Atlanta FalconsMatt Bryant
38.8%
New England PatriotsStephen Gostkowski
37.1%
Kansas City ChiefsLen Dawson
36.1%
Kansas City ChiefsTony Gonzalez
35.9%
Tennessee TitansEarl Campbell
35%
Indianapolis ColtsAdam Vinatieri
34.8%
New Orleans SaintsMarques Colston
34.3%
Seattle SeahawksSteve Largent
33.5%
Atlanta FalconsMatt Ryan
33.4%
Miami DolphinsLarry Csonka
33.1%
Denver BroncosJason Elam
32.5%
New Orleans SaintsMorten Andersen
32.2%
Washington Football TeamJohn Riggins
31.7%
Cleveland BrownsOtto Graham
31.6%
Cincinnati BengalsChad Johnson
30.9%
Miami DolphinsMark Clayton
30.6%
Seattle SeahawksRussell Wilson
30.1%
Detroit LionsMatthew Stafford
29.1%
Philadelphia EaglesDavid Akers
28.8%
Las Vegas RaidersSebastian Janikowski
28.1%
Baltimore RavensMatt Stover
27%
Cleveland BrownsGary Collins
26.7%
Team Player % Correct
New York GiantsAmani Toomer
26.5%
Tampa Bay BuccaneersMike Alstott
25.8%
Green Bay PackersMason Crosby
24.7%
Chicago BearsJay Cutler
24.5%
Atlanta FalconsRoddy White
22.3%
Los Angeles ChargersAntonio Gates
22.3%
Detroit LionsJason Hanson
20.6%
Atlanta FalconsMichael Turner
19.5%
Carolina PanthersJohn Kasay
18.9%
Baltimore RavensTodd Heap
18.5%
Dallas CowboysDez Bryant
17.9%
Cleveland BrownsPhil Dawson
17.7%
Arizona CardinalsJim Hart
17.3%
New England PatriotsRob Gronkowski
17%
Washington Football TeamSammy Baugh
15.5%
Miami DolphinsOlindo Mare
15.2%
Chicago BearsRobbie Gould
13.8%
Tampa Bay BuccaneersMartin Gramatica
13.6%
Los Angeles ChargersJohn Carney
13.3%
Philadelphia EaglesHarold Carmichael
12.8%
Green Bay PackersDon Hutson
12.2%
Buffalo BillsSteve Christie
11.6%
New York JetsDon Maynard
11.1%
Los Angeles RamsRoman Gabriel
10.6%
Dallas CowboysDan Bailey
8.3%
Los Angeles RamsJeff Wilkins
7%
Tampa Bay BuccaneersMike Evans
6.8%
San Francisco 49ersJoe Perry
6.6%
Philadelphia EaglesSteve Van Buren
6.3%
Tennessee TitansAl Del Greco
6.1%
Washington Football TeamMark Moseley
5.9%
Kansas City ChiefsNick Lowery
5.5%
New England PatriotsJim Nance
5%
Jacksonville JaguarsJosh Scobee
4.5%
Cincinnati BengalsJim Breech
3.7%
San Francisco 49ersRay Wersching
3.6%
Arizona CardinalsJim Bakken
3.6%
Minnesota VikingsFred Cox
3.4%
New York JetsPat Leahy
3.3%
New York GiantsPete Gogolak
2.4%
Tennessee TitansCharley Hennigan
1.8%
Chicago BearsKen Kavanaugh
1.6%

From the Vault

Prepositions (A-Z)

by sproutcm

These prepositions really tie the room together, do they not?
Remove Ads.
Support Sporcle.
Get the best of Sporcle when you Go Orange. This ad-free experience offers more features, more stats, and more fun while also helping to support Sporcle. Thank you for becoming a member.

Show Comments

Extras

Top Quizzes Today


Score Distribution

Your Account Isn't Verified!

In order to create a playlist on Sporcle, you need to verify the email address you used during registration. Go to your Sporcle Settings to finish the process.

Report this User

Report this user for behavior that violates our Community Guidelines.

Details: